| 000 | 00682nam a2200229Ia 4500 | ||
|---|---|---|---|
| 001 | 4213 | ||
| 003 | GE_BSU | ||
| 008 | 181216s||||||||xx |||||||||||||| ||und|| | ||
| 040 | _cGE_BSU | ||
| 080 | _a66.074(075.8) | ||
| 100 | _aСтраус.В. | ||
| 245 | _aПромышленная очистка газов. Industrial gas cleaning. | ||
| 245 | _bУчебник. | ||
| 245 | _cРед. И. В. Лебедева. | ||
| 250 | _aПер. с англ. Ю.Я.Косого. | ||
| 260 | _aМ. | ||
| 260 | _bХимия. | ||
| 260 | _c1981. | ||
| 300 | _a616 стр. 22 см. | ||
| 653 | _aПромышленная очистка газов. Industrial gas cleaning. | ||
| 942 | _cBK | ||
| 999 |
_c38223 _d38223 |
||